000 00753nam a2200193 i 4500
001 128561
003 ES-MaACL
005 20260210163246.0
007 t|
008 070518s1954 sp ||||1| spa d
100 1 _aTames Alarcón, Cayetano.
_9109170
245 1 3 _aEl régimen de humedad de la España peninsular en relación con la agricultura durante el periodo 1940-1943 /
_cC. Tames.
260 _aMadrid :
_b[s.n.],
_c1954 (
_fTip. Artística)
300 _a7 p., 14 map. ;
_c31 cm.
500 _aPrecede al tít.: Ministerio de Agricultura. Instituto de Investigaciones Agronómicas.
710 _aInstituto Nacional de Investigaciones Agronómicas
_c(España)
_9219222
852 _aES-MaACL
_j1964-F-1
_bR.36339
999 _c128561
_d128561